1017 1717 1717 1620 1783 1824 1284 1592 1498 1245 1017 1978 1675 1089 1188 1110 1048 1117 1625 1033 1426 1857 1924 1184 1362 1937 1945 1000 1714 1588 1931 1107 1525 1744 1962 1558 1634 1097 1863 1980 1712 1606 1829 1275 1695 1445 1561 1604 1777 1235 1125 1126 1207 1317 1506 1295 1212 1873 1507 1584 1010 1828 1580 1657 1780 1094 1685 1664 1445 1962 1278 1167 1158 1531 1187 1868 1143 1770 1126 1079 1318 1811 1395 1895 1457 1791 1114 1225 1999 1939 1871 1384 1501 1738 1580 1534 1992 1901 1819 BCNSPRNW ULIB Ver.6.0+V

เปลี่ยนเป็นภาษาไทย

Change to English
 แสดงรายละเอียดบรรณานุกรม
  กลับหน้าหลัก

Brief Record : Get Marc (ISO 2709) : E-mail record : QR code < ปิดหน้าต่าง
LEADER : 00000nam 2200000uu 4500
001    13399122505
003     ULIB
008    020711s2548 th a 000 0 tha d
020    9789749300107
090    นว.^bม712C
100    แม็กซ์ อัลลัน คอลลินส์
110    อินเตอร์บุ๊คส์
245    CSI : ไขปมคดีปริศนา ตอน นรกเย็น/^cแม็กซ์ อัลลัน คอลลินส์
250    พิมพ์ครั้งที่ 1
260    กรุงเทพฯ :^bอินเตอร์บุ๊คส์,^c2548
300    376 หน้า
945    ^p250^l0^i19964
999    ^aทศพร เกษรทอง
รายการนี้ยังไม่มีแท็ก
คุณยังไม่ได้ล็อกอิน คุณสามารถมีกิจกรรมร่วมกับเว็บไซต์ได้ แต่ต้องล็อกอินก่อน ::
  ล็อกอิน

รายการสื่อสารสนเทศ

ลำดับที่ ประเภท เลขเรียก/บาร์โค้ด สถานที่ สถานะ
1. นวนิยาย
นวนิยาย
นว. ม712C  
  Barcode: 19964
ห้องสมุดวิทยาเขตสวรรค์ประชารักษ์
►นวนิยาย
บนชั้น
  ขอยืม

BibComment


ยังไม่เคยถูกคอมเมนท์

คอมเมนท์ทรัพยากรรายการนี้
  คอมเมนท์: CSI ไขปมคดีปริศน..


 Copyright 2026. Bcnsprnw @Library